L'Eglise en présence des controverses actuelles et des besoins de notre siècle.. traduit de l'Anglais. (Record no. 183735)
[ view plain ]
| 000 -LEADER | |
|---|---|
| campo de control de longitud fija | 00431nam a2200133 i 4500 |
| 001 - NÚMERO DE CONTROL | |
| campo de control | 183735 |
| 003 - IDENTIFICADOR DE NÚMERO DE CONTROL | |
| campo de control | ES-MaACL |
| 005 - FECHA Y HORA DE LA ÚLTIMA TRANSACCIÓN | |
| campo de control | 20230906221948.0 |
| 008 - DATOS DE LONGITUD FIJA--INFORMACIÓN GENERAL | |
| campo de control de longitud fija | 141007s1875 fr |||| | fre d |
| 245 02 - MENCIÓN DEL TÍTULO | |
| Título | L'Eglise en présence des controverses actuelles et des besoins de notre siècle.. traduit de l'Anglais. |
| 260 ## - PUBLICACIÓN, DISTRIBUCIÓN, ETC. | |
| Lugar de publicación, distribución, etc. | Paris : |
| Nombre del editor, distribuidor, etc. | [s.n.], |
| Fecha de publicación, distribución, etc. | 1875 ( |
| Fabricante | Imp. de S. Raçon) |
| 650 04 - PUNTO DE ACCESO ADICIONAL DE MATERIA--TÉRMINO DE MATERIA | |
| Término de materia o nombre geográfico como elemento de entrada | Iglesia. |
| 9 (RLIN) | 13549 |
| 852 ## - LOCALIZACIÓN | |
| Ubicación | ES-MaACL |
| Número de control de estantería | T-179-F-5 |
| Estatus retirado | Estado de pérdida | Estado de daño | No para préstamo | Colección | Biblioteca de origen | Biblioteca actual | Ubicación en estantería | Fecha de adquisición | Fuente de adquisición | Total de préstamos | Signatura topográfica completa | Código de barras | Visto por última vez | Precio de reemplazo | Tipo de ítem Koha |
|---|---|---|---|---|---|---|---|---|---|---|---|---|---|---|---|
| Colección de folletos | Biblioteca del Ateneo de Madrid | Biblioteca del Ateneo de Madrid | Depósito folletos | 07/10/2014 | T-179-F-5 | 1193171 | 23/02/2023 | 23/02/2023 | Folleto |
